| 000 | 00385nam a2200145Ia 4500 | ||
|---|---|---|---|
| 008 | 210210b1972 xxu||||| |||| 00| 0 eng d | ||
| 082 | _a796.5 REAF | ||
| 100 | _aREADER'S DIGEST. | ||
| 245 | _aFifty games for travel time. | ||
| 260 |
_aHong Kong _bReader''s Digest Asia Ltd _c1972 |
||
| 300 | _a32 | ||
| 650 | _aOutdoor games | ||
| 690 | _aAthletic & Outdoor Sports | ||
| 906 | _a031519 | ||
| 999 |
_c82531 _d82531 |
||